|
|
|
|
| LEADER |
00692cam a2200205 7i4500 |
| 001 |
0000013064 |
| 005 |
20190930090000.0 |
| 005 |
##20190930130700.0 |
| 003 |
##MY-KlINT |
| 020 |
# |
# |
|a 9789833718726
|
| 039 |
# |
9 |
|a 201909301307
|b AUTHORITY
|y 201511041138
|z VLOAD
|
| 090 |
0 |
0 |
|a 342.59502
|b ABD
|
| 100 |
1 |
# |
|a Abdul Aziz Bari,
|d 1959-
|
| 245 |
0 |
0 |
|a Perlembagaan Malaysia :
|b Teori & Praktis /
|c Abdul Aziz Bari.
|
| 260 |
# |
# |
|a Shah Alam:
|b Arah Publications,
|c 2008.
|
| 300 |
# |
# |
|a xv, 430ms;
|c 23cm.
|
| 500 |
# |
# |
|a Mengandungi Indeks
|
| 650 |
# |
0 |
|a Constitutions --
|x Miscellanea --
|z Malaysia
|
| 650 |
# |
0 |
|a Constitutional law --
|x Miscellanea --
|z Malaysia
|
| 999 |
|
|
|a 1101066472
|b BOOK
|c Main Non-Fiction
|e INTAN BK
|